NLP - Lập trình ngôn ngữ tư duy

Wedi'i Gadw mewn:
Manylion Llyfryddiaeth
Prif Awdur: Molden, David
Awduron Eraill: Thảo Linh (dịch), Hutchinson, Pat
Fformat: Llyfr
Cyhoeddwyd: Hà Nội Lao động - Xã hội 2009
Cyfres:Thật đơn giản
Pynciau:
NLP
Tagiau: Ychwanegu Tag
Dim Tagiau, Byddwch y cyntaf i dagio'r cofnod hwn!
Thư viện lưu trữ: Trung tâm Học liệu Lê Vũ Hùng, Trường Đại học Đồng Tháp
LEADER 00876aam a22002778a 4500
001 00029004
005 20171026081025.0
008 120503s2009 ||||||Viesd
020 |c 32000 
041 0 # |a Vie 
082 1 4 |a 153.4  |b N207L 
100 1 # |a Molden, David 
245 1 0 |a NLP - Lập trình ngôn ngữ tư duy  |c David Molden, Pat Hutchinson ; Thảo Linh dịch 
260 # # |a Hà Nội  |b Lao động - Xã hội  |c 2009 
300 # # |a 199tr.  |c 21cm. 
490 # # |a Thật đơn giản 
650 # 4 |a Lập trình ngôn ngữ tư duy 
653 # # |a NLP 
653 # # |a Tâm lý học 
653 # # |a Tư duy 
700 0 # |e dịch  |a Thảo Linh 
700 1 # |a Hutchinson, Pat 
852 # # |b Kho đọc  |j KD.0013194 
852 # # |j KD.0013194 
910 |d 03/05/2012 
980 # # |a Trung tâm Học liệu Lê Vũ Hùng, Trường Đại học Đồng Tháp